000 00483nam a2200205Ia 4500
003 OSt
005 20260220152545.0
008 210210b1970 xxu||||| |||| 00| 0 eng d
020 _a0460004220
040 _cAL
041 _aeng
082 _a823.7 HUGH
100 _aVictor Hugo
_9256153
245 _aHunchback of Notre Dame
260 _aNew York
_bEveryman''s Library
_c1970
300 _ax,470p
690 _aEnglish Fiction
_9256154
906 _a029602
942 _2ddc
_cBK
999 _c80816
_d80816